Central Library OPAC University of Rajshahi

كتاب الصلة في تاريخ أئمة الأندلس وعلمائهم ومحدثيهم وفقهائهم وأدبائهم ;; kitab alsilat fi tarikh 'ayimat al'andalus waeulamayihim wamuhdithihim wafuqahayihim wa'udabayihim / (Record no. 79141)

MARC details
000 -LEADER
fixed length control field 02069nam a2200313 a 4500
001 - CONTROL NUMBER
control field 79141
003 - CONTROL NUMBER IDENTIFIER
rucl marc code BD-RjUL
005 - DATE AND TIME OF LATEST TRANSACTION
control field 20220109150042.0
008 - FIXED-LENGTH DATA ELEMENTS--GENERAL INFORMATION
fixed length control field 220107s2003 le 000 0 ara d
035 ## - SYSTEM CONTROL NUMBER
System control number (BD-RjUL)79141
040 ## - CATALOGING SOURCE
Original cataloging agency BIC
Language of cataloging eng
Transcribing agency BD-RjUL
041 ## - LANGUAGE CODE
Language code of text/sound track or separate title ara
082 ## - DEWEY DECIMAL CLASSIFICATION NUMBER
Classification number 305.697046092
Author mark and year IBK 2003
Edition number 23
100 1# - MAIN ENTRY--PERSONAL NAME
Personal name ابن بشكوال، أبو القاسم خلف بن عبدالملك بن سعود الأندلسي،
Dates associated with a name 494-578 هجري[1101-1183 م.]
9 (RLIN) 605
245 10 - TITLE STATEMENT
Title كتاب الصلة في تاريخ أئمة الأندلس وعلمائهم ومحدثيهم وفقهائهم وأدبائهم ;; kitab alsilat fi tarikh 'ayimat al'andalus waeulamayihim wamuhdithihim wafuqahayihim wa'udabayihim /
Statement of responsibility, etc. أبي القاسم خلف بن عبدالملك بن بشكوال ؛ قدم له وضبطه وشرحه ووضع فهارسه صلاح الدين الهواري.;; 'abi alqasim khalf bn eabdalmalik bin bishkwal ; qadam lah wadabtah washarhah wawadae faharisah salah aldiyn alhawari.
246 33 - VARYING FORM OF TITLE
Title proper/short title kitab alsilat fi tarikh eulama' al'andalus dhayl kitab tarikh abn alfardii ;; كتاب الصلة في تاريخ علماء الأندلس ذيل كتاب تاريخ ابن الفرضي
250 ## - EDITION STATEMENT
Edition statement ط. 1
260 ## - PUBLICATION, DISTRIBUTION, ETC. (IMPRINT)
Place of publication, distribution, etc. بيروت :
Name of publisher, distributor, etc. المكتبة العصرية, ;; almaktabat aleasriatu,
Date of publication, distribution, etc. 1423 هجري[2003].
300 ## - PHYSICAL DESCRIPTION
Pagination v. ;
Size 24 سم.
500 ## - GENERAL NOTE
General note يشمل فهرس الاعلام
General note يوجد طبعات مختلفة في المكتبة
504 ## - BIBLIOGRAPHY, ETC. NOTE
Bibliography, etc ببليوغرافية: ص. 595-598
505 ## - FORMATTED CONTENTS NOTE
Formatted contents note Vol. 1.--
600 17 - SUBJECT ADDED ENTRY--PERSONAL NAME
Personal name ابن بشكوال، أبو القاسم خلف بن عبدالملك بن سعود الاندلسي،;; Ibn Bashkwal, Abu al-Qasim Khalaf bin Abd al-Malik bin Saud al-Andalusi,
Dates associated with a name 494-578 هجري[1101-1183 م.]
650 ## - SUBJECT ADDED ENTRY--TOPICAL TERM
Topical term or geographic name as entry element Muslims -- Spain -- Biography -- Early works to 1800.
9 (RLIN) 607
Topical term or geographic name as entry element Arabs -- Spain -- Biography -- Early works to 1800.
9 (RLIN) 608
700 1# - ADDED ENTRY--PERSONAL NAME
Personal name alhawary, salah aldiyn ;; الهواري، صلاح الدين
Relator term محقق
942 ## - ADDED ENTRY ELEMENTS (KOHA)
Source of classification or shelving scheme Dewey Decimal Classification
Koha item type Books
Holdings
Lost status Source of classification or shelving scheme Damaged status Not for loan Collection code Permanent Location Current Location Shelving location Date acquired Total Checkouts Full call number Date last seen Copy number Koha item type Source of acquisition
  Dewey Decimal Classification   Not For Loan Non-fiction Central Library, University of Rajshahi Central Library, University of Rajshahi Reading Room 09/01/2022   A 305.697046092 IBK V-1 2003 09/01/2022 C-1 Books  
  Dewey Decimal Classification   Not For Loan Non-fiction Central Library, University of Rajshahi Central Library, University of Rajshahi Reading Room 19/09/1968   A 305.697046092 IBK V-2 1955 17/02/2022 C-1 Books Zeitlinger